[Event "Int. Stuttgarter Stadtmeisterschaft A"]
[Site "Ditzingen"]
[Date "2014.05.30"]
[Round "4.38"]
[White "Steinhart, Christoph"]
[Black "Martin, Richard"]
[Result "0-1"]
[WhiteElo "1967"]
[BlackElo "1857"]
[PlyCount "90"]
[EventDate "2014.??.??"]
[WhiteTeam "TSV Sch�naich"]
[BlackTeam "SV Unterkochen"]

1. e4 c5 2. Nf3 d6 3. d4 cxd4 4. Nxd4 Nf6 5. Nc3 a6 6. Be3 e5 7. Nb3 Be6 8. Nd5
Bxd5 9. exd5 Nbd7 10. c4 b6 11. Bd3 Be7 12. Rc1 Nc5 13. Bb1 Qd7 14. h3 O-O 15.
Qc2 g6 16. Bh6 Rfe8 17. O-O Bf8 18. Bxf8 Rxf8 19. f4 exf4 20. Rxf4 Nh5 21. Rf3
Nxb3 22. Rxb3 Qc7 23. Qf2 Rab8 24. Ra3 a5 25. Rac3 Qc5 26. Bc2 Rfe8 27. Kf1
Qxf2+ 28. Kxf2 Nf6 29. Kf3 Nd7 30. Ba4 Ne5+ 31. Kg3 Re7 32. a3 Rc7 33. b4 axb4
34. axb4 Rbc8 35. Bb5 f5 36. Kf4 Kg7 37. Ke3 Kf6 38. Kd4 Rb8 39. Ba4 Ra8 40.
Bb5 Rb8 41. Ba4 Ra8 42. Bb3 Ra3 43. R1c2 Ra1 44. Rc1 Ra3 45. Bd1 Rxc4+ 0-1

[Event "Int. Stuttgarter Stadtmeisterschaft A"]
[Site "Ditzingen"]
[Date "2014.05.30"]
[Round "4.39"]
[White "Pfeifer, Wilfried"]
[Black "Auterhoff, J�rgen"]
[Result "0-1"]
[WhiteElo "2053"]
[BlackElo "1814"]
[PlyCount "116"]
[EventDate "2014.??.??"]
[WhiteTeam "TSF Ditzingen"]
[BlackTeam "SC Pasing von 1948 e.V."]

1. f4 d5 2. Nf3 Nf6 3. e3 Nc6 4. Bb5 Bd7 5. O-O e6 6. b3 a6 7. Bxc6 Bxc6 8. Ne5
Be7 9. d3 O-O 10. Bb2 Be8 11. Nd2 c5 12. c4 Qc7 13. Rf3 Nd7 14. Rg3 Bf6 15.
Ndf3 Nxe5 16. Nxe5 Qe7 17. Qe2 Bxe5 18. fxe5 dxc4 19. bxc4 g6 20. Rf1 Kg7 21.
e4 Bc6 22. d4 cxd4 23. Ba3 Qd7 24. Bxf8+ Rxf8 25. Qf3 Qe7 26. Qf6+ Qxf6 27.
exf6+ Kg8 28. Rd1 e5 29. Re1 Rd8 30. Rg5 d3 31. Rxe5 d2 32. Rd1 Ba4 33. Rxd2
Rxd2 34. Rd5 Rxd5 35. exd5 Kf8 36. Kf2 Ke8 37. c5 Kd7 38. Ke3 Bb5 39. Kd4 g5
40. a3 Kc7 41. Ke5 Bc4 42. g3 h5 43. h4 gxh4 44. gxh4 Bb3 45. Kd4 Ba4 46. Ke5
Bb5 47. Kd4 b6 48. d6+ Kc6 49. cxb6 Kxb6 50. Kd5 Bc6+ 51. Ke5 Kb7 52. Kf5 Kc8
53. Kg5 Bf3 54. Kh6 Kd7 55. Kg7 Bd5 56. Kh6 Kxd6 57. Kxh5 Ke6 58. Kg5 Bf3 0-1

[Event "Int. Stuttgarter Stadtmeisterschaft A"]
[Site "Ditzingen"]
[Date "2014.05.30"]
[Round "4.40"]
[White "Schuster, Gerhard"]
[Black "Santos, Paulo"]
[Result "1-0"]
[WhiteElo "2045"]
[BlackElo "1837"]
[PlyCount "105"]
[EventDate "2014.??.??"]
[WhiteTeam "SC Feuerbach e. V."]
[BlackTeam "SC Lechhausen"]

1. e4 e5 2. Nf3 Nc6 3. g3 Nf6 4. d3 Be7 5. Bg2 O-O 6. O-O d6 7. c3 Bg4 8. Nbd2
Qd7 9. Nc4 Rad8 10. Ne3 Bh3 11. Qc2 Bxg2 12. Kxg2 d5 13. Rd1 d4 14. cxd4 Nxd4
15. Nxd4 exd4 16. Nf5 Rfe8 17. Bg5 Rc8 18. Rac1 h6 19. Nxe7+ Qxe7 20. Bxf6 Qxf6
21. Qa4 Qb6 22. b3 c6 23. Qc4 Rcd8 24. Qc5 Qxc5 25. Rxc5 f6 26. f4 Kf7 27. Rdc1
a6 28. a4 Re6 29. Kf3 Red6 30. h4 Ke7 31. b4 R6d7 32. g4 Rf8 33. Rg1 Rdd8 34.
b5 axb5 35. axb5 cxb5 36. Rb1 Rd7 37. Rcxb5 Ra8 38. Rxb7 Ra3 39. R7b3 Rda7 40.
e5 fxe5 41. fxe5 Rxb3 42. Rxb3 Ra1 43. Ke4 Rg1 44. Rb7+ Kf8 45. Kf5 g6+ 46. Kf6
Ke8 47. e6 Rf1+ 48. Kxg6 Re1 49. Kf6 Rf1+ 50. Ke5 Re1+ 51. Kd6 Kf8 52. Rb8+ Kg7
53. e7 1-0

[Event "Int. Stuttgarter Stadtmeisterschaft A"]
[Site "Ditzingen"]
[Date "2014.05.30"]
[Round "4.41"]
[White "Litfin, Boris"]
[Black "Schumann, Kai"]
[Result "0-1"]
[WhiteElo "1925"]
[BlackElo "2044"]
[PlyCount "94"]
[EventDate "2014.??.??"]
[WhiteTeam "SC Emmendingen 1937 e.V."]
[BlackTeam "SG K�nigskinder Hohent�bingen e."]

1. e4 e5 2. d4 exd4 3. Bc4 Nf6 4. Nf3 Bc5 5. e5 d5 6. exf6 dxc4 7. Qe2+ Be6 8.
fxg7 Rg8 9. Ng5 Qe7 10. O-O Rxg7 11. Nxe6 Qxe6 12. Qh5 Nd7 13. Bg5 Qg6 14. Re1+
Kf8 15. Qxg6 Rxg6 16. Bf4 c6 17. Nd2 Bb4 18. Re2 Bxd2 19. Bxd2 Re6 20. Rae1
Rae8 21. Bh6+ Kg8 22. Kf1 Rxe2 23. Rxe2 Re6 24. Bf4 Kg7 25. Rd2 c5 26. f3 Nf6
27. Bb8 a6 28. Ba7 b6 29. Bb8 Nd5 30. a3 c3 31. bxc3 Nxc3 32. Rd3 Nd5 33. Kf2
Kf6 34. f4 Re3 35. g4 Ke6 36. h4 Rxd3 37. cxd3 Ne3 38. Kg3 Nc2 39. Ba7 Kd5 40.
Bxb6 Nxa3 41. f5 c4 42. dxc4+ Nxc4 43. Bc7 Ke4 44. f6 d3 45. Kf2 a5 46. h5 a4
47. Bd8 Kf4 0-1

[Event "Int. Stuttgarter Stadtmeisterschaft A"]
[Site "Ditzingen"]
[Date "2014.05.30"]
[Round "4.42"]
[White "Braun, R�diger-Thomas"]
[Black "Schmidt, Markus"]
[Result "0-1"]
[WhiteElo "1935"]
[BlackElo "1904"]
[PlyCount "80"]
[EventDate "2014.??.??"]
[WhiteTeam "SF Birkenfeld"]
[BlackTeam "Stuttgarter SF 1879"]

1. e4 d6 2. d4 Nf6 3. Bd3 Nc6 4. c3 e5 5. d5 Nb8 6. Ne2 g6 7. O-O Bg7 8. Nd2
Nbd7 9. Ng3 O-O 10. Nf3 Nc5 11. Bg5 h6 12. Be3 Nxd3 13. Qxd3 Ng4 14. Bc1 f5 15.
h3 f4 16. Ne2 Nf6 17. c4 g5 18. Nh2 h5 19. Kh1 g4 20. Ng1 Qe8 21. Re1 Qg6 22.
f3 Rf7 23. Bd2 Bf8 24. Rac1 Rg7 25. Qe2 Qg5 26. Rc2 Qh4 27. Rec1 gxh3 28. Be1
Rg3 29. Qf1 hxg2+ 30. Rxg2 Qg5 31. Rcc2 h4 32. Qf2 Bd7 33. Nf1 Nh5 34. Rh2 Be7
35. b4 Kf7 36. Ne2 Rg8 37. Rc1 Bh3 38. Rxh3 Rxh3+ 39. Nh2 Ng3+ 40. Kg2 Nxe4+
0-1

[Event "Int. Stuttgarter Stadtmeisterschaft A"]
[Site "Ditzingen"]
[Date "2014.05.30"]
[Round "4.43"]
[White "Fahnenschmidt, Gerhard"]
[Black "Klaus, Daniel"]
[Result "0-1"]
[WhiteElo "1988"]
[BlackElo "1921"]
[PlyCount "56"]
[EventDate "2014.??.??"]
[WhiteTeam "VfL Sindelfingen"]
[BlackTeam "SF M�glingen 1976"]

1. c4 e5 2. Nc3 Nf6 3. Nf3 Nc6 4. d4 exd4 5. Nxd4 Bc5 6. Nb3 Be7 7. e4 d6 8.
Be2 O-O 9. g4 Nd7 10. Be3 Nb6 11. Qd2 Ne5 12. Na5 c6 13. f4 Nxg4 14. Nxb7 Bxb7
15. Bxg4 Nxc4 16. Qe2 Nxe3 17. Qxe3 Bh4+ 18. Kd2 d5 19. exd5 cxd5 20. Qd4 Bf6
21. Qd3 Qa5 22. Bf3 d4 23. Bxb7 dxc3+ 24. Kc2 Rad8 25. Qa6 Rd2+ 26. Kb3 Rxb2+
27. Kc4 Qb4+ 28. Kd5 Qd4+ 0-1

[Event "Int. Stuttgarter Stadtmeisterschaft A"]
[Site "Ditzingen"]
[Date "2014.05.30"]
[Round "4.44"]
[White "Recker, Martin"]
[Black "Severin, Andreas"]
[Result "1/2-1/2"]
[WhiteElo "1858"]
[BlackElo "2008"]
[PlyCount "118"]
[EventDate "2014.??.??"]
[WhiteTeam "SF Freiberg"]
[BlackTeam "SV Reutlingen"]

1. d4 e6 2. Nf3 f5 3. Bg5 Nf6 4. e3 Be7 5. Nbd2 O-O 6. Bd3 d5 7. Qe2 Nbd7 8.
O-O-O c5 9. c3 c4 10. Bb1 b5 11. Bxf6 Bxf6 12. h3 b4 13. cxb4 a5 14. b5 a4 15.
g4 Qa5 16. Bc2 Qxb5 17. Nb1 Rb8 18. Nc3 Qxb2+ 19. Kd2 Qa3 20. Rb1 Rxb1 21. Rxb1
Be7 22. Nxa4 Ba6 23. Ke1 fxg4 24. hxg4 Qd6 25. Nc3 Rb8 26. Qd1 Bd8 27. Rxb8
Qxb8 28. Qb1 Qxb1+ 29. Nxb1 g6 30. Kf1 Kg7 31. Kg2 h5 32. gxh5 gxh5 33. a4 Bf6
34. Nc3 Bb7 35. Ne2 e5 36. Kg3 e4 37. Nh4 Kh6 38. Ng2 Bd8 39. Ngf4 Bc7 40. Kh4
Bd8+ 41. Kg3 Ba5 42. Kg2 Bc6 43. Ne6 Nb6 44. Nc5 Bb4 45. Na6 Bd6 46. Nc3 Bb7
47. Nb5 Bxa6 48. Nxd6 c3 49. Nb5 Bxb5 50. axb5 Kg5 51. Kg3 Nc8 52. Bb3 Nb6 53.
Bc2 Nc4 54. Bb3 Nd6 55. b6 Nb7 56. Bc2 Na5 57. Bd1 h4+ 58. Kh3 Nb7 59. Bc2 Na5
1/2-1/2

[Event "Int. Stuttgarter Stadtmeisterschaft A"]
[Site "Ditzingen"]
[Date "2014.05.30"]
[Round "4.45"]
[White "Florio, Antonio"]
[Black "Gheng, Simona"]
[Result "0-1"]
[WhiteElo "1927"]
[BlackElo "1988"]
[PlyCount "62"]
[EventDate "2014.??.??"]
[WhiteTeam "SV Besigheim"]
[BlackTeam "TSV Sch�naich"]

1. c4 e6 2. Nc3 d5 3. cxd5 exd5 4. d4 Nf6 5. g3 c6 6. Bg2 Bb4 7. Bd2 Nbd7 8.
Nf3 O-O 9. O-O Re8 10. Re1 Bxc3 11. Bxc3 Ne4 12. Qc2 Ndf6 13. Nd2 Bf5 14. Nxe4
Nxe4 15. Qb3 Qd7 16. f3 Nxc3 17. Qxc3 Bh3 18. Bh1 Rad8 19. Rad1 h5 20. e3 Re6
21. Re2 Rde8 22. Bg2 Rg6 23. Rdd2 Bxg2 24. Rxg2 Qf5 25. Rgf2 Qg5 26. f4 Qg4 27.
f5 Rh6 28. Rf4 Qh3 29. Qd3 h4 30. Rxh4 Rxh4 31. gxh4 Rxe3 0-1

[Event "Int. Stuttgarter Stadtmeisterschaft A"]
[Site "Ditzingen"]
[Date "2014.05.30"]
[Round "5.1"]
[White "Ikonnikov, Vyacheslav"]
[Black "Ivanisevic, Ivan"]
[Result "1/2-1/2"]
[WhiteElo "2570"]
[BlackElo "2610"]
[PlyCount "71"]
[EventDate "2014.??.??"]
[WhiteTeam "SF Bad Mergentheim"]

1. d4 Nf6 2. Nf3 e6 3. c4 c5 4. d5 d6 5. Nc3 g6 6. e4 Bg7 7. Bd3 O-O 8. O-O
exd5 9. exd5 Bg4 10. h3 Bxf3 11. Qxf3 Nbd7 12. Qd1 Re8 13. Bd2 h5 14. f4 Ng4
15. Nb5 Ne3 16. Bxe3 Rxe3 17. Qd2 Rg3 18. Kh2 h4 19. Nxd6 Ne5 20. Nxb7 Qe7 21.
Rae1 Ng4+ 22. hxg4 Qxb7 23. Be4 Rd8 24. Bf3 Qxb2 25. Qxb2 Bxb2 26. Re7 Bg7 27.
Rfe1 Bf8 28. Re8 Rd7 29. Rb1 Kg7 30. Kg1 Bd6 31. Re4 g5 32. fxg5 h3 33. Kf2
hxg2 34. Bxg2 Ra3 35. Rb2 Kg6 36. Re3 1/2-1/2

[Event "Int. Stuttgarter Stadtmeisterschaft A"]
[Site "Ditzingen"]
[Date "2014.05.30"]
[Round "5.2"]
[White "Neyman, Igor"]
[Black "Perske, Thore"]
[Result "1/2-1/2"]
[WhiteElo "2311"]
[BlackElo "2219"]
[PlyCount "135"]
[EventDate "2014.??.??"]
[WhiteTeam "Stuttgarter SF 1879"]
[BlackTeam "Sfr.Heidesheim"]

1. d4 Nf6 2. c4 g6 3. Nc3 Bg7 4. e4 d6 5. Nf3 O-O 6. h3 Nbd7 7. Bg5 e5 8. d5 a5
9. Be2 Nc5 10. Nd2 c6 11. O-O cxd5 12. Nxd5 Be6 13. Nc3 Qb6 14. Rb1 Nfd7 15.
Be3 Qc6 16. Nd5 Kh8 17. f3 Nf6 18. g4 Nfd7 19. b3 b6 20. a3 Qb7 21. b4 axb4 22.
axb4 Na6 23. Nc3 Rfc8 24. Bd3 Nab8 25. Nb5 Bf8 26. Ra1 Nc6 27. Qb3 Na7 28. Nxa7
Rxa7 29. Qb2 Rca8 30. Rxa7 Qxa7 31. Kf2 Nb8 32. Rc1 Nc6 33. Nb1 Qa4 34. Bd2 Kg8
35. Bc3 Bh6 36. Rc2 Nd4 37. Bxd4 exd4 38. Qxd4 Qxb4 39. Rb2 Qc5 40. Qxc5 bxc5
41. Rc2 Bf4 42. Nc3 Ra3 43. Bf1 g5 44. Nb5 Ra1 45. Nc7 Kg7 46. Nd5 Be5 47. Kg2
h5 48. gxh5 Kh6 49. Be2 Bd4 50. f4 Rg1+ 51. Kh2 Bxd5 52. fxg5+ Kxg5 53. exd5
Kh4 54. Bg4 Rf1 55. Kg2 Rg1+ 56. Kh2 Kg5 57. Rg2 Rc1 58. Be2+ Kh6 59. Kg3 Rc3+
60. Kg4 Re3 61. h4 Be5 62. Kf5 Bd4 63. Kf4 Re5 64. Bd1 Be3+ 65. Kg3 Bd4 66. Kf4
Re1 67. Be2 Rh1 68. Kg4 1/2-1/2

[Event "Int. Stuttgarter Stadtmeisterschaft A"]
[Site "Ditzingen"]
[Date "2014.05.30"]
[Round "5.3"]
[White "Koop, Thorben"]
[Black "Raupp, Thomas"]
[Result "1/2-1/2"]
[WhiteElo "2254"]
[BlackElo "2310"]
[PlyCount "117"]
[EventDate "2014.??.??"]
[WhiteTeam "SV Lingen"]
[BlackTeam "SC Eppingen"]

1. e4 c5 2. Ne2 Nc6 3. Nbc3 e5 4. g3 d6 5. Bg2 g6 6. O-O Bg7 7. f4 Nge7 8. Nd5
O-O 9. fxe5 Nxd5 10. exd5 Nxe5 11. h3 Bd7 12. Nc3 h6 13. Kh1 Qc7 14. a4 a6 15.
a5 c4 16. d4 cxd3 17. cxd3 b6 18. Be3 bxa5 19. Qd2 Kh7 20. Rfc1 Qd8 21. Bf1 Rc8
22. Ne4 Rxc1 23. Rxc1 Bb5 24. Nc3 a4 25. Qd1 Qd7 26. Kh2 Rc8 27. Ra1 Qf5 28. g4
Qd7 29. Nxa4 Re8 30. Bf2 f5 31. Be2 fxg4 32. hxg4 Rf8 33. Bg3 Qb7 34. Nc3 Bd7
35. Ra2 Qc8 36. Bxe5 Bxe5+ 37. Kg2 Qd8 38. Ne4 Qb6 39. Qd2 Bb5 40. Ra1 Qd4 41.
Rh1 Bf4 42. Qc3 Qxd5 43. g5 Bxg5 44. Qc7+ Kg8 45. Qxd6 Qxd6 46. Nxd6 Be3 47.
Nxb5 Rf2+ 48. Kg3 Rxe2 49. Kf3 Rxb2 50. Nc7 Bb6 51. Nxa6 h5 52. Ke4 Kf7 53. d4
Re2+ 54. Kd3 Rg2 55. Rh4 Ke6 56. Nb4 Rg3+ 57. Kc4 Kf5 58. Nd5 Bd8 59. Rf4+
1/2-1/2

[Event "Int. Stuttgarter Stadtmeisterschaft A"]
[Site "Ditzingen"]
[Date "2014.05.30"]
[Round "5.4"]
[White "Piskur, Mitja"]
[Black "Karpatchev, Aleksandr"]
[Result "1/2-1/2"]
[WhiteElo "2239"]
[BlackElo "2445"]
[PlyCount "61"]
[EventDate "2014.??.??"]
[WhiteTeam "BMP Trebnje"]
[BlackTeam "SF Bad Mergentheim"]

1. d4 d5 2. Nf3 Nf6 3. e3 c5 4. a3 cxd4 5. exd4 Bg4 6. Be2 e6 7. O-O Nc6 8. Re1
Qb6 9. c3 Be7 10. Nbd2 O-O 11. Nf1 Bxf3 12. Bxf3 Na5 13. Nd2 Rfc8 14. Re3 Bd6
15. Be2 Bf4 16. Rf3 Bxd2 17. Bxd2 Qxb2 18. Rb1 Qa2 19. Rxf6 gxf6 20. Bd3 f5 21.
Ra1 Qb3 22. Qe2 Rxc3 23. Rb1 Qxa3 24. Qe5 Rxd3 25. Bh6 Qf8 26. Bxf8 Rxf8 27.
Qf6 b6 28. h4 h6 29. Qxh6 Rxd4 30. Qg5+ Kh7 31. Qh5+ 1/2-1/2

[Event "Int. Stuttgarter Stadtmeisterschaft A"]
[Site "Ditzingen"]
[Date "2014.05.30"]
[Round "5.5"]
[White "Gabriel, Robert"]
[Black "Gutman, Lev"]
[Result "0-1"]
[WhiteElo "2178"]
[BlackElo "2453"]
[PlyCount "126"]
[EventDate "2014.??.??"]
[WhiteTeam "Stuttgarter SF 1879"]
[BlackTeam "SV Lingen"]

1. d4 Nf6 2. c4 g6 3. Nc3 d5 4. cxd5 Nxd5 5. e4 Nxc3 6. bxc3 Bg7 7. Bc4 O-O 8.
Ne2 c5 9. O-O Qc7 10. Bf4 e5 11. Bxe5 Bxe5 12. dxe5 Qxe5 13. Qd5 Qe7 14. Rad1
Nc6 15. Qd6 Qxe4 16. Qxc5 Be6 17. Bxe6 Qxe6 18. Nd4 Nxd4 19. cxd4 b6 20. Qa3
Rfd8 21. h3 Rd5 22. Qe3 Qd7 23. Rd3 Re8 24. Qd2 Re4 25. Rd1 h5 26. Qc3 Re2 27.
R3d2 Re6 28. Rc1 Kg7 29. Qc4 Red6 30. Qc3 Qa4 31. Re1 Rc6 32. Qf3 Rf5 33. Qd3
Rd6 34. Re7 a5 35. Qe3 Rff6 36. g3 Qc4 37. Qd3 Qc8 38. Kg2 Rf5 39. Qe3 Qc6+ 40.
Kh2 Rdf6 41. Qe2 h4 42. Re5 Rf3 43. Rg5 Qc3 44. Rg4 Qxd2 45. Qxd2 Rxf2+ 46.
Qxf2 Rxf2+ 47. Kg1 hxg3 48. a4 Rd2 49. Rxg3 Rxd4 50. Ra3 f5 51. Kf2 Kf6 52. Rc3
Rb4 53. Rc6+ Kg5 54. Kf3 Kh5 55. Rd6 g5 56. Re6 f4 57. Rd6 Rxa4 58. Rxb6 Ra3+
59. Kg2 Ra2+ 60. Kf3 Rh2 61. Rb8 Rxh3+ 62. Ke4 Kg4 63. Ra8 Ra3 0-1

[Event "Int. Stuttgarter Stadtmeisterschaft A"]
[Site "Ditzingen"]
[Date "2014.05.30"]
[Round "5.6"]
[White "Schröder, Jan-Christian"]
[Black "Vaysberg, Alexander"]
[Result "1-0"]
[WhiteElo "2374"]
[BlackElo "2178"]
[PlyCount "59"]
[EventDate "2014.??.??"]
[WhiteTeam "SV 1920 Hofheim"]
[BlackTeam "SG Ludwigsburg 1919"]

1. Nf3 Nf6 2. d4 d5 3. c4 c6 4. e3 g6 5. Nc3 Bg7 6. Bd3 O-O 7. O-O Nbd7 8. cxd5
cxd5 9. Qb3 e6 10. Bd2 Nb8 11. Ne5 Nfd7 12. Nxd7 Bxd7 13. Qxb7 Nc6 14. Nb5 a6
15. Na3 Rb8 16. Qxa6 Rxb2 17. Nb1 e5 18. Qa3 Qb8 19. Bc3 Rb7 20. dxe5 Nxe5 21.
Be2 Rc8 22. Bd4 Rc2 23. Nc3 Bf8 24. Qa6 Rbb2 25. Nxd5 Bc8 26. Qf6 Bg7 27. Qd8+
Bf8 28. Bd1 Nc6 29. Nf6+ Kg7 30. Nd7+ 1-0

[Event "Int. Stuttgarter Stadtmeisterschaft A"]
[Site "Ditzingen"]
[Date "2014.05.30"]
[Round "5.7"]
[White "Kabisch, Thilo"]
[Black "Löhr, Markus"]
[Result "1-0"]
[WhiteElo "2261"]
[BlackElo "2248"]
[PlyCount "75"]
[EventDate "2014.??.??"]
[WhiteTeam "SK Schmiden/Cannstatt"]
[BlackTeam "SK Schmiden/Cannstatt"]

1. d3 d5 2. Nf3 Nf6 3. g3 g6 4. Bg2 Bg7 5. c4 O-O 6. cxd5 Nxd5 7. O-O Nc6 8. a3
a5 9. Qc2 a4 10. Nbd2 e5 11. Ne4 Re8 12. Nc5 Nb6 13. Bg5 f6 14. Bd2 Bf8 15. b4
axb3 16. Qxb3+ Kh8 17. Rfc1 Ra7 18. a4 Na5 19. Qb5 c6 20. Qb2 Nbc4 21. Bxa5
Rxa5 22. Rxc4 Rxc5 23. Nd2 Rxc4 24. Nxc4 Bg7 25. Rb1 f5 26. Qb6 h6 27. Qxd8
Rxd8 28. a5 Kg8 29. Nb6 Be6 30. Bxc6 bxc6 31. a6 e4 32. a7 Ba2 33. Rb4 Bf8 34.
Ra4 Bb3 35. a8=Q Rxa8 36. Rxa8 exd3 37. exd3 Kf7 38. Rc8 1-0

[Event "Int. Stuttgarter Stadtmeisterschaft A"]
[Site "Ditzingen"]
[Date "2014.05.30"]
[Round "5.8"]
[White "Bodrozic, Tomislav"]
[Black "Bräuner, Uwe"]
[Result "1/2-1/2"]
[WhiteElo "2258"]
[BlackElo "2163"]
[PlyCount "91"]
[EventDate "2014.??.??"]
[WhiteTeam "SF Birkenfeld"]
[BlackTeam "SF Pfullingen"]

1. e4 c5 2. Nf3 d6 3. Bb5+ Bd7 4. Bxd7+ Qxd7 5. O-O Nc6 6. c3 Nf6 7. Qe2 e6 8.
d4 cxd4 9. cxd4 d5 10. e5 Ne4 11. Be3 Be7 12. Ne1 f5 13. f3 Ng5 14. Nd3 O-O 15.
Nc3 a6 16. Qd2 Nf7 17. Na4 Rae8 18. Rfc1 Nfd8 19. b4 f4 20. Bf2 g5 21. Nac5 Qc8
22. a4 b6 23. Nb3 Qb7 24. Rab1 Na7 25. a5 Nb5 26. axb6 Qxb6 27. Nbc5 Rf7 28.
Ra1 Bxc5 29. Nxc5 Nc7 30. Ra4 Nc6 31. Rca1 Ra8 32. h4 h6 33. Qd3 Kg7 34. Be1
Nb8 35. Ra5 Nc6 36. R5a4 Nb8 37. Ra5 Nc6 38. Rxa6 Rxa6 39. Rxa6 Nxa6 40. Nxe6+
Kh8 41. Qg6 Nxd4 42. Qxh6+ Kg8 43. Qxg5+ Kh8 44. Qh6+ Kg8 45. Qg6+ Kh8 46. Qh6+
1/2-1/2

[Event "Int. Stuttgarter Stadtmeisterschaft A"]
[Site "Ditzingen"]
[Date "2014.05.30"]
[Round "5.9"]
[White "Schmidt, Olaf"]
[Black "Kvetny, Mark"]
[Result "0-1"]
[WhiteElo "2139"]
[BlackElo "2257"]
[PlyCount "52"]
[EventDate "2014.??.??"]
[WhiteTeam "SC Böblingen 1975 e.V."]
[BlackTeam "Stuttgarter SF 1879"]

1. d4 Nf6 2. Nf3 c5 3. d5 e6 4. Nc3 d6 5. e4 exd5 6. exd5 Be7 7. Bb5+ Nbd7 8.
a4 O-O 9. O-O a6 10. Be2 Re8 11. h3 Nf8 12. Nd2 b6 13. Nc4 Bb7 14. Ne3 Ng6 15.
f4 Nd7 16. Nf5 Nh4 17. Nxe7+ Qxe7 18. Bd3 Nf6 19. f5 Nxd5 20. Nxd5 Bxd5 21. Qg4
h5 22. Qxh5 Qf6 23. c3 c4 24. Bg5 Qe5 25. Bf4 Nf3+ 26. Rxf3 Bxf3 0-1

[Event "Int. Stuttgarter Stadtmeisterschaft A"]
[Site "Ditzingen"]
[Date "2014.05.30"]
[Round "5.10"]
[White "Bergauz, Noam"]
[Black "Lorscheid, Gerhard"]
[Result "1/2-1/2"]
[WhiteElo "2147"]
[BlackElo "2252"]
[PlyCount "25"]
[EventDate "2014.??.??"]
[WhiteTeam "SK München Südost e.V."]
[BlackTeam "Stuttgarter SF 1879"]

1. e4 d6 2. d4 Nf6 3. Nc3 e5 4. Nge2 Be7 5. g3 Bg4 6. Qd3 exd4 7. Nxd4 Nc6 8.
Bg2 O-O 9. O-O Nxd4 10. Qxd4 Qd7 11. Bf4 a6 12. Rfe1 Rfe8 13. e5 1/2-1/2

[Event "Int. Stuttgarter Stadtmeisterschaft A"]
[Site "Ditzingen"]
[Date "2014.05.30"]
[Round "5.11"]
[White "Bluma, Marcel"]
[Black "Aring, Gerd"]
[Result "0-1"]
[WhiteElo "2100"]
[BlackElo "2198"]
[PlyCount "86"]
[EventDate "2014.??.??"]
[WhiteTeam "SC Ingersheim e.V."]
[BlackTeam "SV N�rtingen 1920"]

1. e4 c5 2. Nf3 Nc6 3. d4 cxd4 4. Nxd4 Nf6 5. Nc3 e5 6. Nb3 Bb4 7. Bc4 O-O 8.
Bg5 h6 9. Bh4 Bxc3+ 10. bxc3 d6 11. Bd5 Be6 12. c4 g5 13. Bg3 Rc8 14. a3 Na5
15. Qd3 Nxc4 16. Bxb7 Nb2 17. Qd2 Rc7 18. Bd5 Nxd5 19. exd5 Bf5 20. Rc1 Qc8 21.
O-O Rxc2 22. Rxc2 Qxc2 23. Qb4 Nd3 24. Qb5 Qc7 25. h4 Rb8 26. Qa5 Qb6 27. Qxb6
axb6 28. hxg5 hxg5 29. Nd2 b5 30. f3 Rc8 31. Ne4 Bxe4 32. fxe4 Kg7 33. Rb1 Nc5
34. Rc1 Kf6 35. Bf2 Ke7 36. Be3 f6 37. Rb1 Nxe4 38. Rxb5 f5 39. Rb7+ Kf6 40.
Bb6 Rc1+ 41. Kh2 f4 42. Kh3 Rc3+ 43. Kg4 Kg6 0-1

[Event "Int. Stuttgarter Stadtmeisterschaft A"]
[Site "Ditzingen"]
[Date "2014.05.30"]
[Round "5.12"]
[White "Koch, Martin"]
[Black "Gheng, Josef"]
[Result "0-1"]
[WhiteElo "2066"]
[BlackElo "2327"]
[PlyCount "100"]
[EventDate "2014.??.??"]
[WhiteTeam "SC Schachmatt Botnang"]
[BlackTeam "SC Erdmannhausen"]

1. e4 c5 2. d4 cxd4 3. c3 d3 4. Bxd3 Nc6 5. c4 g6 6. Nf3 Bg7 7. Nc3 d6 8. O-O
Nf6 9. h3 O-O 10. Be3 h6 11. Qd2 Kh7 12. Rac1 Nd7 13. Bb1 b6 14. b3 Bb7 15.
Rcd1 Rc8 16. Nd4 Nc5 17. Nxc6 Bxc6 18. Bd4 e5 19. Be3 Qh4 20. Qc2 Qe7 21. Nd5
Bxd5 22. Rxd5 Ne6 23. Qd3 Rfd8 24. Qd2 Rc7 25. Rd1 Nd4 26. f4 Rc5 27. Bxd4 exd4
28. Bd3 Rxd5 29. cxd5 Rc8 30. Rc1 Rc3 31. Rxc3 dxc3 32. Qe3 Qc7 33. Bc2 b5 34.
g3 Qa5 35. a4 bxa4 36. bxa4 Qb4 37. Qd3 Bd4+ 38. Kg2 Qb2 39. Qd1 Bb6 40. f5
gxf5 41. exf5 Kg7 42. h4 Qb4 43. Qd3 Kf6 44. Kf3 h5 45. Kg2 Qc5 46. Qf3 Qd4 47.
Kh3 Qd2 48. Qg2 Bf2 49. Qe4 Qd1 50. g4 Qf1+ 0-1

[Event "Int. Stuttgarter Stadtmeisterschaft A"]
[Site "Ditzingen"]
[Date "2014.05.30"]
[Round "5.13"]
[White "Sokratov, Stanislav"]
[Black "Tsolakidis, Paschalis"]
[Result "1-0"]
[WhiteElo "2194"]
[BlackElo "2097"]
[PlyCount "57"]
[EventDate "2014.??.??"]
[WhiteTeam "SC Erdmannhausen"]
[BlackTeam "DJK Stuttgart-S�d"]

1. d4 g6 2. c4 Bg7 3. Nf3 d6 4. e4 Nd7 5. Nc3 e5 6. Be2 Ne7 7. Bg5 h6 8. Be3
Nc6 9. O-O O-O 10. Qd2 Kh7 11. Rad1 exd4 12. Nxd4 Nde5 13. h3 Qh4 14. f4 Nxd4
15. Bxd4 Nc6 16. Bxg7 Kxg7 17. Nd5 Qd8 18. Qc3+ f6 19. b4 Be6 20. Ne3 Kh7 21.
b5 Ne7 22. f5 gxf5 23. exf5 Bg8 24. Ng4 Rf7 25. Nxf6+ Rxf6 26. Qxf6 Qf8 27. Qd4
Bf7 28. Bd3 Qg8 29. Rde1 1-0

[Event "Int. Stuttgarter Stadtmeisterschaft A"]
[Site "Ditzingen"]
[Date "2014.05.30"]
[Round "5.14"]
[White "Wettengel, Alexander"]
[Black "Eulering, Georg"]
[Result "1-0"]
[WhiteElo "2089"]
[BlackElo "2143"]
[PlyCount "51"]
[EventDate "2014.??.??"]
[WhiteTeam "Stuttgarter SF 1879"]
[BlackTeam "SF Schlebusch"]

1. e4 Nf6 2. Nc3 d5 3. e5 Ne4 4. Nce2 Nc5 5. d4 Ne6 6. f4 g6 7. Nf3 Ng7 8. h3
h5 9. g3 e6 10. Be3 b6 11. Bg2 Nf5 12. Bf2 Be7 13. Qd2 Ba6 14. O-O-O Nc6 15. g4
Ng7 16. Ng3 Qd7 17. Ng5 Nb4 18. c3 Nd3+ 19. Kb1 Nxf2 20. Qxf2 h4 21. Nf1 c5 22.
Ne3 b5 23. dxc5 Bxc5 24. Qe2 Bb7 25. Ne4 Be7 26. Nf6+ 1-0

[Event "Int. Stuttgarter Stadtmeisterschaft A"]
[Site "Ditzingen"]
[Date "2014.05.30"]
[Round "5.15"]
[White "Wei�beck, Simon"]
[Black "Zikeli, Saskia"]
[Result "1-0"]
[WhiteElo "1999"]
[BlackElo "2109"]
[PlyCount "95"]
[EventDate "2014.??.??"]
[WhiteTeam "Heilbronner SV"]
[BlackTeam "SC Ingersheim e.V."]

1. e4 c5 2. c3 Nf6 3. e5 Nd5 4. d4 cxd4 5. cxd4 d6 6. Nf3 Nc6 7. Bc4 Nb6 8. Bb5
dxe5 9. Nxe5 Bd7 10. Nxd7 Qxd7 11. Nc3 e6 12. O-O Be7 13. Qg4 Bf6 14. Rd1 Rd8
15. Ne4 Bxd4 16. Be3 f5 17. Qg3 fxe4 18. Rxd4 Nd5 19. Bxc6 bxc6 20. h3 O-O 21.
Rxe4 Rb8 22. Qe5 Nxe3 23. Rxe3 Rb5 24. Qc3 Rbf5 25. f3 Rd5 26. Rae1 Re8 27. Re5
Qd6 28. f4 g6 29. Qe3 Kf7 30. Qxa7+ Re7 31. Qe3 Rd3 32. Qc5 Qd7 33. Kh2 Rd2 34.
R1e2 Rd1 35. Rc2 Rf1 36. Qe3 Rd1 37. a4 Ra1 38. a5 h5 39. Rd2 Qb7 40. Rg5 Qb4
41. Rc2 Rxa5 42. Rxa5 Qxa5 43. Rxc6 Qb5 44. Rb6 Qf5 45. Qd4 h4 46. Rb8 e5 47.
Qd5+ Qe6 48. Qd8 1-0

[Event "Int. Stuttgarter Stadtmeisterschaft A"]
[Site "Ditzingen"]
[Date "2014.05.30"]
[Round "5.16"]
[White "Dobosz, Henryk"]
[Black "Gabriel, Josef"]
[Result "1-0"]
[WhiteElo "2401"]
[BlackElo "2072"]
[PlyCount "121"]
[EventDate "2014.??.??"]
[WhiteTeam "BG Buchen"]
[BlackTeam "Stuttgarter SF 1879"]

1. d4 g6 2. e4 Bg7 3. c4 c5 4. d5 d6 5. Nc3 Nf6 6. h3 O-O 7. Bd3 e5 8. g4 a6 9.
a4 b6 10. Bg5 Nbd7 11. Qd2 Qe8 12. Nge2 Kh8 13. Ng3 Ng8 14. h4 Ndf6 15. f3 h6
16. Be3 Nh7 17. h5 g5 18. a5 bxa5 19. Rxa5 Bf6 20. Nb5 Qe7 21. O-O Rd8 22. Rfa1
Rb8 23. Rxa6 Bxa6 24. Rxa6 Qb7 25. Ra7 Qb6 26. Nf5 Bg7 27. Rxf7 Bf8 28. b4 Rb7
29. bxc5 dxc5 30. Rxb7 Qxb7 31. Qb2 Qb8 32. d6 Re8 33. Bxc5 Nhf6 34. Bf2 Nd7
35. Qc3 Qb7 36. c5 Rc8 37. Nc7 Qb8 38. Qa5 Ngf6 39. Kg2 Qb2 40. c6 Nb8 41. d7
Nfxd7 42. cxd7 Nxd7 43. Qb5 Qxb5 44. Nxb5 Bc5 45. Nbd6 Rb8 46. Bg3 Rb2+ 47. Kf1
Kh7 48. Nc4 Ra2 49. Nxe5 Nxe5 50. Bxe5 Rf2+ 51. Ke1 Rxf3 52. Kd2 Rf2+ 53. Kc3
Rg2 54. Bg3 Bf2 55. Bxf2 Rxf2 56. e5 Ra2 57. e6 Ra3+ 58. Kd4 Ra4+ 59. Bc4 Kg8
60. e7+ Kh7 61. Nd6 1-0